| 000 | 00790cam a22002653a 4500 | ||
|---|---|---|---|
| 001 | 32166 | ||
| 003 | PGUSA | ||
| 005 | 20140828083709.0 | ||
| 008 | 100428s2010||||xxu|||||s|||||000 | eng d | ||
| 040 |
_aPGUSA _beng |
||
| 042 | _adc | ||
| 050 | 4 | _aVM | |
| 100 | 1 |
_aBullock, Shan F., _d1865-1935 |
|
| 245 | 1 | 0 |
_aThomas Andrews, Shipbuilder _h[electronic resource] / _cShan F. Bullock |
| 260 |
_bProject Gutenberg, _c2010 |
||
| 506 | _aPublic domain in the USA. | ||
| 516 | _aElectronic text | ||
| 653 | _aAndrews, Thomas, 1873-1912 | ||
| 653 | _aHarland and Wolff | ||
| 653 | _aTitanic (Steamship) | ||
| 653 | _aNaval architects -- Northern Ireland -- Belfast -- Biography | ||
| 830 | 0 |
_aProject Gutenberg _v32166 |
|
| 856 | 4 | 0 | _uhttp://www.gutenberg.org/ebooks/32166 |
| 942 | _cEB | ||
| 999 |
_c261421 _d261421 |
||